000 00347 a2200109 4500
001 ART_16201
005 20260410161853.0
008 260409a
245 1 0 _aIdeología y poder
100 1 _aMadariaga, Rodolfo
773 0 _tFilosofía del derecho
_gCuestiones epistemológica y normativas - Año I, Nº 2 (dic. 2012)
_wREV10449
999 _c25186
_d25186